000 00887nam a2200181Ia 4500
008 100920s9999 xx 000 0 und d
082 _b60775
_a61 थ 82
100 _aसहस्त्रबुध्दे रमेश के.
245 _aविज्ञानसागरातील दीपस्तंभ (अंतराळशास्त्र).
260 _bसाहित्य प्रसार केंद्र, मुंबई.
_c1982
300 _a92
_bसाधी
365 _b12
520 _aस्थानिक वाचन.
630 _aविज्ञानसागरातील दीपस्तंभ (अंतराळशास्त्र).
650 _aस्थानिक वाचन.
730 _aविज्ञानसागरातील दीपस्तंभ (अंतराळशास्त्र).
942 _cBOOK
999 _c704025
_d704022